The portal of the mystery of hope / (Record no. 48241)
[ view plain ]
| 000 -LEADER | |
|---|---|
| fixed length control field | 01208cam a2200301 a 4500 |
| 001 - CONTROL NUMBER | |
| control field | 2577695 |
| 003 - CONTROL NUMBER IDENTIFIER | |
| control field | Nust |
| 005 - DATE AND TIME OF LATEST TRANSACTION | |
| control field | 20170112164451.0 |
| 008 - FIXED-LENGTH DATA ELEMENTS--GENERAL INFORMATION | |
| fixed length control field | 960205s1996 miu b 000 0 eng |
| 010 ## - LIBRARY OF CONGRESS CONTROL NUMBER | |
| LC control number | 96003471 |
| 020 ## - INTERNATIONAL STANDARD BOOK NUMBER | |
| International Standard Book Number | 9780826479358 |
| 040 ## - CATALOGING SOURCE | |
| Original cataloging agency | DLC |
| Transcribing agency | DLC |
| Modifying agency | DLC |
| 041 1# - LANGUAGE CODE | |
| Language code of text/sound track or separate title | eng |
| Language code of original | fre |
| 050 00 - LIBRARY OF CONGRESS CALL NUMBER | |
| Classification number | PQ2631.E25 |
| Item number | P6513 1996 |
| 082 00 - DEWEY DECIMAL CLASSIFICATION NUMBER | |
| Classification number | 841.912 |
| Author Mark | PEG |
| 100 1# - MAIN ENTRY--PERSONAL NAME | |
| Personal name | Péguy, Charles, |
| Dates associated with a name | 1873-1914. |
| 240 10 - UNIFORM TITLE | |
| Uniform title | Porche du mystère de la deuxième vertu. |
| Language of a work | English |
| 245 14 - TITLE STATEMENT | |
| Title | The portal of the mystery of hope / |
| Statement of responsibility, etc. | Charles Péguy ; translated by David Louis Schindler, Jr. |
| 260 ## - PUBLICATION, DISTRIBUTION, ETC. | |
| Place of publication, distribution, etc. | Grand Rapids, Mich. : |
| Name of publisher, distributor, etc. | William B. Eerdmans Publishing Co., |
| Date of publication, distribution, etc. | c1996. |
| 300 ## - PHYSICAL DESCRIPTION | |
| Extent | xxii, 160 p. ; |
| Dimensions | 23 cm. |
| 490 1# - SERIES STATEMENT | |
| Series statement | Ressourcement |
| 504 ## - BIBLIOGRAPHY, ETC. NOTE | |
| Bibliography, etc. note | Includes bibliographical references (p. 158-166). |
| 700 1# - ADDED ENTRY--PERSONAL NAME | |
| Personal name | Schindler, David Louis, |
| Dates associated with a name | 1970- |
| 830 #0 - SERIES ADDED ENTRY--UNIFORM TITLE | |
| Uniform title | Ressourcement (Grand Rapids, Mich.) |
| 906 ## - LOCAL DATA ELEMENT F, LDF (RLIN) | |
| a | 7 |
| b | cbc |
| c | orignew |
| d | 1 |
| e | ocip |
| f | 19 |
| g | y-gencatlg |
| 942 ## - ADDED ENTRY ELEMENTS (KOHA) | |
| Source of classification or shelving scheme | |
| Koha item type | Book |
| Withdrawn status | Lost status | Source of classification or shelving scheme | Damaged status | Not for loan | Permanent Location | Current Location | Shelving location | Date acquired | Total Checkouts | Full call number | Barcode | Date last seen | Date last checked out | Copy number | Price effective from | Koha item type |
|---|---|---|---|---|---|---|---|---|---|---|---|---|---|---|---|---|
| Central Library (CL) | Central Library (CL) | Book Cart | 01/12/2017 | 1 | 823 PEG | CL891 | 09/14/2017 | 09/14/2017 | 1 | 01/12/2017 | Book |
